000 00664nam a2200229 i 4500
001 67379
003 ES-MaACL
005 20240510063051.0
007 t|
008 040521s2003 sp ||||1| spa d
020 _a84-7731-405-5
080 _a821.134.2-14"19"
100 1 _aHuidobro, María.
_964675
245 1 0 _aEsbozos de figuras emblemáticoas
_b: poemas /
_cMaría Huidobro.
260 _aMadrid :
_bEndymion,
_c[2003]
300 _a126 p. ;
_c20 cm.
490 1 _aPoesía (Ediciones Endymion)
830 0 _aPoesía (Ediciones Endymion)
_9191744
852 _aES-MaACL
_jL-27587
_bR.133002
942 _2udc
999 _c67379
_d67379